Statistiques concernant Personnages overwatch #2 (DPS)

Cliquez ici pour prendre le quiz!

Statistiques générales

  • Ce quiz a été pris 101 fois
  • Le résultat moyen est 15 sur 17

Statistiques - réponses

Réponse% Correct
Bastion
99%
Hanzo
96%
Mei
96%
Genji
95%
Soldat 76
95%
Fatale
94%
Ashe
93%
Chacal
93%
Faucheur
93%
Tracer
93%
Pharah
91%
Symmetra
91%
Cassidy
88%
Echo
88%
Sombra
88%
Torbjorn
80%
Sojourn
73%

Distribution des résultats

Percentile par nombre de réponses

% des personnes avec chaque résultat

Votre développement - résultats

Vous n’avez pas pris ce quiz